| 000 | 00667nam a2200205Ia 4500 | ||
|---|---|---|---|
| 003 | GCL | ||
| 008 | 140319s9999 xx 000 0 ara d | ||
| 040 |
_aGCL / _cGCL |
||
| 082 | 0 | 4 |
_a958.1 _bم ن |
| 100 | 1 | _aمحمد امان صافى | |
| 245 | 1 | 0 |
_aنفحات عن السيد جمال الدين الافغانى منقذ الشرق / _cمحمد امان صافى |
| 260 |
_a[S.N] : _bالفاروق الحديثة للطباعة والنشر ، _c1991 |
||
| 300 | _a92 ص | ||
| 490 | _a | ||
| 650 | 0 | 4 | _aتاريخ |
| 650 | 0 | 4 | _aافغانستان |
| 650 | 0 | 4 | _aجمال الدين الافغانى |
| 650 | 0 | 4 | _aالحكم الوطنى |
| 942 |
_2ddc _cBK |
||
| 999 |
_c36685 _d36685 |
||